| 000 | 00420nam a2200169Ia 4500 | ||
|---|---|---|---|
| 003 | GCL | ||
| 008 | 140319s9999 xx 000 0 eng d | ||
| 040 |
_aGCL / _cGCL |
||
| 082 | 0 | 4 |
_a720.48 _bS A |
| 100 | 1 | _aSAXON, RICHARD | |
| 245 | 1 | 0 |
_aTHE ATRIUM COMES OF AGE / _cSAXON, RICHARD |
| 260 |
_a[S.N] : _bLONGMAN ، _c1994 |
||
| 300 | _a93 P | ||
| 650 | 0 | 4 | _aARCHITECTURE |
| 650 | 0 | 4 | _aATRIUM BUIDINGS |
| 942 |
_2ddc _cBK |
||
| 999 |
_c25056 _d25056 |
||